Presidents with Counties Named for Them Quiz Stats

Quiz not verified by Sporcle

Challenge
Share
Tweet
Embed
Score 0/14 Timer 03:00
0 Plays Today
Rank President % Correct
2Thomas Jefferson
100%
1George Washington
98.1%
5Abraham Lincoln
98.1%
4James Madison
96.2%
9John Adams
94.3%
3Andrew Jackson
92.5%
6James Monroe
90.6%
Rank President % Correct
8James K. Polk
90.6%
7Ulysses S. Grant
81.1%
11 (tie)Franklin Pierce
77.4%
11 (tie)William Henry Harrison
75.5%
11 (tie)Martin Van Buren
71.7%
11 (tie)Zachary Taylor
71.7%
10James A. Garfield
60.4%

You're not logged in!

Compare scores with friends on all Sporcle quizzes.
Join for Free
OR
Log In

You Might Also Like...

Show Comments

Extras

Top Quizzes Today


Score Distribution

Your Account Isn't Verified!

In order to create a playlist on Sporcle, you need to verify the email address you used during registration. Go to your Sporcle Settings to finish the process.

Report this User

Report this user for behavior that violates our Community Guidelines.

Details: